The future of the nursing workforce in the United States : data, trands, and implications (Record no. 4769)

MARC details
000 -LEADER
fixed length control field 00786nam a22002177a 4500
003 - CONTROL NUMBER IDENTIFIER
control field OSt
005 - DATE AND TIME OF LATEST TRANSACTION
control field 20251009032924.0
008 - FIXED-LENGTH DATA ELEMENTS--GENERAL INFORMATION
fixed length control field 251009b |||||||| |||| 00| 0 eng d
020 ## - INTERNATIONAL STANDARD BOOK NUMBER
International Standard Book Number 13 :978-0-7637-5684-0.
040 ## - CATALOGING SOURCE
Original cataloging agency DWCL-Admin lib
Transcribing agency OC
082 ## - DEWEY DECIMAL CLASSIFICATION NUMBER
Classification number Circ. 331.1291 B928f 2009
100 ## - MAIN ENTRY--PERSONAL NAME
Personal name Buerhaus, Peter I.
Relator term
245 ## - TITLE STATEMENT
Title The future of the nursing workforce in the United States : data, trands, and implications
Statement of responsibility, etc. Peter I. Buerhaus
260 ## - PUBLICATION, DISTRIBUTION, ETC.
Place of publication, distribution, etc. Sudbury, Mass. :
Name of publisher, distributor, etc. Jones and Bartlett Pub. ,
Date of publication, distribution, etc. c2009
300 ## - PHYSICAL DESCRIPTION
Extent xvi, 312 p. : ill. ;
Dimensions 23 cm.
504 ## - BIBLIOGRAPHY, ETC. NOTE
Bibliography, etc. note Includes bibliographical references & index.
650 ## - SUBJECT ADDED ENTRY--TOPICAL TERM
Topical term or geographic name entry element 1. Nurses-Supply and demand-United States Forecasting.
700 ## - ADDED ENTRY--PERSONAL NAME
Personal name Staiser, Douglas O.
700 ## - ADDED ENTRY--PERSONAL NAME
Personal name Auerbach, David I.
942 ## - ADDED ENTRY ELEMENTS (KOHA)
Source of classification or shelving scheme Dewey Decimal Classification
Koha item type Book Circulation
Call number prefix Circ.
Suppress in OPAC No
952 ## - LOCATION AND ITEM INFORMATION (KOHA)
--
Holdings
Withdrawn status Lost status Source of classification or shelving scheme Damaged status Not for loan Home library Current library Shelving location Date acquired Source of acquisition Total Checkouts Full call number Barcode Date last seen Copy number Price effective from Koha item type Uniform Resource Identifier
    Dewey Decimal Classification     College Library College Library Circulation 04/05/2011 School Fund   Circ. 331.1291 B928f 2009 48260 10/09/2025 c1 10/09/2025 BK-CIRC